000 04051 a2200433 4500
001 24021902
003 000
005 20251015142110.0
008 250206s2025 nyu b 000 0 eng
010 _a 2025005091
020 _a9780197681541
035 _a24021902
040 _aDNLM/DLC
_beng
_erda
_cDLC
_dDLC
042 _apcc
050 0 0 _aR 726 .C55
060 0 0 _aWB 60
082 0 0 _a174.2/96029
_223/eng/20250317
100 _aCarr, Daniel B.
245 0 0 _aClinical and ethical dilemmas in palliative and end-of-life care /
_cEdited by Ann Berger, Daniel B. Carr.
263 _a2504
264 1 _aNew York, NY :
_bOxford University Press,
_c2025.
300 _axvii, 272p. ill.
336 _atext
_btxt
_2rdacontent
337 _aunmediated
_bn
_2rdamedia
338 _avolume
_bnc
_2rdacarrier
490 1 _aWhat do I do now?: palliative care
504 _aIncludes bibliographical references.
505 0 _aA Choice of Comfort Feeding / Wesley Boyette, M. Jennifer Cheng -- Patients Seeking Alternative Treatments for Cancer Pain / Steven Mach, Salahadin Abdi -- Delivering Difficult News as a Covering Provider / Scott Ian Borison -- To Pray or Not to Pray: Is that the Question? / Marta Illueca -- My Patient with Substance Use Disorder is in Acute Sickle Cell Pain Crisis / Baraa O. Tayeb, Antje M. Barreveld -- My Dying Patient Receiving Opioids Has a Respiratory Rate of 6 / Baraa O. Tayeb, Antje M. Barreveld -- Video Gaming and Virtual Reality in Pediatrics / Elizabeth Pasternak, Pamela Ressler -- Native American Spirituality and Healing / Marta Illueca -- Dying Alone / Sharon Kim -- Navigating Familial Conflict Regarding Information Sharing / Nafiisah B.M.H. Rajabalee, Scott Ian Borison -- Dis/Continuing Transfusions in a 2 Year Old Dying of Leukemia / Elizabeth Pasternak, Pamela Ressler -- Managing Family Conflict / Betty R. Ferrell -- Dilemmas Related to Families / Anna Barreiro Albǹ, Beth B. Hogans -- Complicated Grief / Zhu Wang, Salahadin Abdi -- Moral Distress: My Patient is Suffering and "We Can't Keep Torturing Them" / Anthony Eidelman, Regina M. Fink -- Work-Nonwork Life Fit: Tensions for Healthcare Clinicians / Emily P. Guinee, Angela K.M. Lipshutz, M. Jennifer Cheng, Deborah J. Snyder -- Burnout and Resilience / Jennifer Winegarden, Ylisabyth Bradshaw -- Planning and Facing Retirement / Daniel B. Carr, Stephen Gullo -- Balancing Opioid Benefit and Risk for Subacute or Chronic Noncancer Pain / Scott A. Strassels, Daniel B. Carr -- The Emerging Role of Independent Patient Advocates / Shiella Dowlatshahi -- Managing Outpatient Workplace Violence / Pragya B. Gupta, Daniel B. Carr -- Maladaptive Team Dynamics / Moe Norton-Westbrook, Sylvia Christie, Constance Dahlin -- Allocation of Scarce Resources / Justin Price -- Introducing Novel Treatments: Navigating Institutional Policies / Jennifer Winegarden -- Racial Inequalities in Healthcare / Carmen Renee Green -- Hydration and Artificial Nutrition at the End of Life / Tamara Vesel, Carol Pilgrim -- Physician Assisted Death (PAD) / Sudha Chandrasekhar -- Decision-Making Around Dialysis Withdrawal / Mary K. Buss, Tamara Vesel -- LGBTQ: to Disclose or Not to Disclose / Gabriel Lutz -- Can Minors Make Major Healthcare Decisions? / Sudha Chandrasekhar -- Surrogate Decision Making / Margaret M. Mahon -- Approaching Palliative Sedation at the End of Life / Abigail Lebovitz, Tamara Vesel -- Advance Care Planning / Nnamdi C. Iwuala, Lauren Shaiova -- Substituted Judgment / Gabriel Lutz.
650 1 2 _aPalliative Care
_xethics
650 1 2 _aTerminal Care
_xethics
650 2 2 _aEthics, Clinical
700 1 _aBerger, Ann
_q(Ann M.),
_eeditor.
700 1 _aCarr, Daniel B.,
_eeditor.
776 0 8 _iOnline version:
_tClinical and ethical dilemmas in palliative and end-of-life care
_dNew York, NY : Oxford University Press, 2025
_z9780197681558
_w(DLC) 2025005092
830 0 _aWhat do I do now?.
_pPalliative care
906 _a7
_bcbc
_corignew
_d1
_eecip
_f20
_gy-gencatlg
942 _2lcc
_cBK
999 _c43796
_d43796